| 000 | 00726aam a2200241 4500 | ||
|---|---|---|---|
| 005 | 20170220165732.0 | ||
| 008 | 150320b xxu||||| |||| 00| 0 spa d | ||
| 041 | _aspa | ||
| 082 | _a1.0.56 D129e | ||
| 100 |
_aDahda, Jorge _927457 |
||
| 245 | _aElementos de turismo: economía, comunicación, alimentos y bebidas, líneas aéreas, hotelería, relaciones públicas | ||
| 260 |
_aMéxico _bTrillas _c2007 |
||
| 300 | _a150 páginas | ||
| 650 |
_aTURISMO _9894 |
||
| 650 |
_aECONOMÍA _9189 |
||
| 650 |
_aCOMUNICACIÓN _9490 |
||
| 650 |
_aALIMENTOS Y BEBIDAS _91701 |
||
| 650 |
_aTRANSPORTE AÉREO _911936 |
||
| 650 |
_aHOTELERÍA _96011 |
||
| 650 |
_aHOTELES _91620 |
||
| 650 |
_aRELACIONES PÚBLICAS _9488 |
||
| 942 | _cBK | ||
| 999 |
_c4082 _d4082 |
||